000
00339cam a2200145ua 4500
041
_a
eng
_h
082
_a
666.3
_b
KEN/Co
100
_a
Kenny, John B .
245
_a
Complete book of pottery making
260
_a
London :
_b
Sir Isaac Pitman & Sons Ltd ,
_c
1968.
300
_a
242 ; .
504
_a
942
_c
BK
999
_c
4339
_d
4339